Alles mit K - Geografie - Statistiken

Allgemein
  • Dieses Quiz wurde 298 mal gespielt
  • Das Durchschnittsergebnis liegt bei 30 aus 54
Antwortstatistiken
Antwort % Korrekt
Fluss in Afrika Kongo
92%
Kasachstan
88%
Deutsche Städte 100 000+ Köln
88%
Beliebte griechische Urlaubsinsel Kreta
87%
zweithöchste Berg der Welt K2
86%
Kanada
86%
Kenia
85%
Kirgisistan
82%
Kolumbien
81%
Komoren
77%
Kroatien
77%
Länder Kambodscha
76%
Kiribati
76%
Spanische Inselgruppe im Atlantik Kanarischen Inseln
73%
Bergmassiv in Afrika Kilimandscharo
73%
Karlsruhe
72%
Kamerun
71%
Kuba
71%
Kap Verde
68%
Kuwait
68%
Kuwait-Stadt
68%
Teil des Atlantik in Mittelamerika Karibik
65%
Kiel
65%
Kassel
61%
Kairo
59%
Gebirge trennt Europa von Asien Kaukasus
59%
Koblenz
58%
Kosovo
58%
Krefeld
58%
größter See der Erde Kaspische Meer
57%
Katar
57%
Kaiserslautern
56%
Hochgebirge in Mittel-, Ost- und Südosteuropa Karpaten
55%
Kopenhagen
51%
Kuala Lumpur
49%
Kinshasa
47%
Kiew
44%
Kathmandu
43%
Kapstadt
42%
Kingston
42%
Kingstown
42%
Hauptstädte Kabul
41%
die grüne Insel Griechenlands Korfu
38%
Kigali
36%
Kampala
35%
Meeresgebiet zwischen Dänemarkund Schweden Kattegat
32%
Khartum
27%
Inselgruppe in der Ägäis, gehört zuGriechenland Kykladen
25%
Halbinsel im Nordwesten Russlands Kola
22%
Gebirgsgruppe der Alpen in Tirol und Bayern Karwendel
19%
Teil des Atlantiks zwischen Irlandund dem Vereinigten Königreich Keltische See
12%
größter Nebenfluss der Wolgain Europa Kama
11%
dritthöchste Berg der Welt Kangchendzönga
7%
Berg der Ortler-Alpen in Italien Königsspitze
2%
Keine übereinstimmenden Quizze gefunden
Verteilung der Resultate
Anzahl Personen mit jedem Resultat
Perzentil nach korrekt beantworteten Fragen
Ihre Resultats-Entwicklung
Sie haben dieses Quiz noch nicht gespielt